Quick Pick: 'A' Antonyms Quiz Stats

 Plays Quiz Updated Aug 12, 2018

Challenge
Share
Tweet
Embed
Score 0/12 Timer 01:00
3 Plays Today
% Correct
Above
95.7%
Adult
95.3%
Arrive
95.3%
Ancient
94.9%
Artificial
94.5%
Attack
93.9%
Abrasive
91.2%
Aggravate
85.8%
Aficionado
82.8%
Avaricious
82.6%
Amok
76.1%
Alfresco
75.1%

Today's Daily Dose

Missing Word
New England Movies

Word Ladder
Royal Titles

Get the Picture
Big 4 'B' All-Stars

You're not logged in!

Compare scores with friends on all Sporcle quizzes.
OR
Log In

You Might Also Like...

Show Comments

Extras

Top Quizzes Today


Score Distribution

Your Account Isn't Verified!

In order to create a playlist on Sporcle, you need to verify the email address you used during registration. Go to your Sporcle Settings to finish the process.

Report this User

Report this user for behavior that violates our Community Guidelines.

Details: